| 000 -ლიდერი |
| ფიქსირებული სიგრძის საკონტროლო ველი |
01971nam a2200301Ia 4500 |
| 001 - საკონტროლო ნომერი |
| საკონტროლო ველი |
11799 |
| 003 - საკონტროლო ნომრის იდენტიფიკატორი |
| საკონტროლო ველი |
GE_BSU |
| 005 - ბოლო ოპერაციის თარიღი და დრო |
| საკონტროლო ველი |
20240619170234.0 |
| 008 - ფიქსირებული სიგრძის მონაცემთა ელემენტები - ზოგადი ინფორმაცია |
| ფიქსირებული სიგრძის საკონტროლო ველი |
181216s2014||||ge |||||||||||||| ||geo|| |
| 020 ## - წიგნის საერთაშორისო სტანდარტული ნომერი |
| International Standard Book Number |
9789941108853 |
| 040 ## - კატალოგიზაციის წყარო |
| Transcribing agency |
GE_BSU |
| 041 ## - ენის კოდი |
| Language code of text/sound track or separate title |
geo |
| 080 ## - უნივერსალური ათობითი კლასიფიკაციის ინდექსი |
| Universal Decimal Classification number |
341.222(479.22) ს–32 |
| 100 ## - მთავარი ჩანაწერი - პიროვნების სახელი |
| Personal name |
|
| 9 (RLIN) |
22504 |
| 245 ## - ცნობა სათაურის შესახებ |
| Title |
საქართველოს საზღვრები, 1917-1938 : |
| Remainder of title |
ნარკვევი, დოკუმენტები და მასალები / |
| Statement of responsibility, etc |
სერგო ვარდოსანიძე, ვახტანგ გურული, კობა ხარაძე, ლევან ჯიქია ; საქ. საპატრიარქოს წმ. ანდრია პირველწოდებულის სახ. ქართ. უნ-ტი, ჰუმანიტ. მეცნ. ფაკ-ტი. |
| 264 ## - წარმოების, გამოცემის, დისტრიბუციის და სხვა ცნობები |
| გამოცემის, წარმოების, დისტრიბუციის... ადგილი |
თბილისი : |
| გამოცემის, წარმოების, დისტრიბუციის... სახელწოდება |
მერიდიანი, |
| გამოცემის, წარმოების, დისტრიბუციის... თარიღი |
2014. |
| 300 ## - ფიზიკური აღწერა |
| Extent |
190 გვ. ; |
| Dimensions |
29სმ. |
| Accompanying material |
რუკები. |
| 501 ## - შენიშვნა თანმხლებ მასალაზე |
| With note |
რუკები : გვ. 179-190 |
| 504 ## - BIBLIOGRAPHY, ETC. NOTE |
| Bibliography, etc |
ბიბლიოგრაფია ტექსტის შენიშვნებში |
| 546 ## - LANGUAGE NOTE |
| Language note |
დოკუმენტები ქართულ და რუსულ ენებზე |
| 653 ## - INDEX TERM--UNCONTROLLED |
| Uncontrolled term |
საქართველოს საზღვრები 1917-1938 |
| 700 ## - ADDED ENTRY--PERSONAL NAME |
| Personal name |
ვარდოსანიძე, სერგო |
| Relator term |
ავტორი |
| 9 (RLIN) |
22505 |
| 700 ## - ADDED ENTRY--PERSONAL NAME |
| Personal name |
გურული, ვახტანგ |
| Relator term |
ავტორი |
| 9 (RLIN) |
22506 |
| 700 ## - ADDED ENTRY--PERSONAL NAME |
| Personal name |
ხარაძე, კობა |
| Relator term |
ავტორი |
| 9 (RLIN) |
6756 |
| 700 ## - ADDED ENTRY--PERSONAL NAME |
| Personal name |
ჯიქია, ლევან |
| Relator term |
ავტორი |
| 9 (RLIN) |
22507 |
| 710 ## - ADDED ENTRY--CORPORATE NAME |
| Corporate name or jurisdiction name as entry element |
საქ. საპატრიარქოს წმ. ანდრია პირველწოდებულის სახ. ქართ. უნ-ტი, |
| Subordinate unit |
ჰუმანიტ. მეცნ. ფაკ-ტი |
| 9 (RLIN) |
18873 |
| 942 ## - ADDED ENTRY ELEMENTS (KOHA) |
| Koha item type |
წიგნი |
| Source of classification or shelving scheme |
|